Waiting Room - Phoebe Bridgers (Lyrics) - Statistics

General Stats
  • This quiz has been taken 693 times
    687 since last reset
  • The average score is 331 of 372
Answer Stats
Answer % Correct
I
100%
you
99%
a
98%
it
98%
the
98%
be
97%
If
97%
if
97%
waiting
97%
were
97%
room
96%
would
96%
your
96%
and
95%
And
95%
for
95%
it's
95%
know
95%
Know
95%
teacher
95%
better
94%
class
94%
me
93%
not
92%
over
92%
doctor
91%
my
91%
never
90%
see
90%
Take
90%
fail
89%
'til
89%
to
89%
with
89%
sit
88%
bleed
87%
first
86%
there
86%
kit
84%
aid
83%
wanna
83%
want
83%
noticed
82%
that
82%
all
81%
love
81%
in
79%
down
77%
up
77%
broken
75%
but
75%
But
75%
as
74%
song
74%
you're
74%
You're
74%
bring
72%
us
72%
holds
71%
lifts
71%
misery
71%
power
71%
together
70%
won't
70%
feeds
69%
happens
69%
make
69%
whatever
69%
wish
69%
can
68%
daughter
68%
just
68%
parents'
68%
teenage
67%
am
66%
are
66%
when
66%
ask
65%
ballad
65%
bodies
65%
brains
65%
more
65%
more?
65%
out
65%
poor
65%
Who
65%
will
65%
best
64%
blow
64%
drive
64%
gun
64%
her
64%
night
64%
ever
63%
lips
63%
washed
63%
fall
62%
ashore
61%
come
61%
had
61%
let
61%
because
60%
mouth
60%
open
60%
maybe
59%
Plus
59%
She'll
59%
should
59%
hard
58%
breathing
57%
said
57%
grew
20%
No matching quizzes found
Score Distribution
Percent of People with Each Score
Percentile by Number Answered
Your Score History
You have not taken this quiz since the last reset